|
|
|
|
| LEADER |
00000ny a22000003n 4500 |
| 005 |
20110516094459.0 |
| 008 |
090107u19uu9999us fr p s 0 eng d |
| 035 |
|
|
|a 5139
|
| 040 |
|
|
|a BUS
|d vLex
|
| 090 |
|
|
|c 1913
|d 1913
|
| 245 |
0 |
0 |
|a Allied Academies International Conference.
|p Academy of Strategic Management :
|b proceedings
|h [Recurso electrn̤ico]
|
| 256 |
|
|
|a Servicio en ln̕ea
|
| 260 |
|
|
|a Cullowhee [Carolina del Norte] :
|b The DreamCatchers Group
|
| 310 |
|
|
|a Semestral
|
| 506 |
1 |
|
|a Contenido solo disponible en los productos indicados
|d vLex Global
|d vLex Global (Academic Edition, excluding Law Schools)
|d vLex Global (U.S. Academic Edition, excluding Law Schools)
|
| 650 |
0 |
4 |
|a Gestin̤ de empresas
|x Publicaciones perid̤icas
|
| 740 |
|
|
|a vLex Revista (Servicios en ln̕ea)
|
| 843 |
|
|
|a Electrn̤ica. Abierta
|
| 853 |
|
|
|8 1
|i (year)
|j (month)
|k (day)
|
| 856 |
4 |
0 |
|z Acceso restringido
|u http://vlex.com/account/login_ip?fuente_id=5139
|
| 942 |
|
|
|c REV
|